| 000 | 00713nam a2200241 a 4500 | ||
|---|---|---|---|
| 001 | 000020054 | ||
| 005 | 20200929170239.0 | ||
| 008 | 100717s1970 sp 001 d spa d | ||
| 040 |
_aDO-SdBNP _bspa _cBNPHU |
||
| 082 |
_a862.3 _bV422ca |
||
| 100 | 1 |
_aVega, Lope de, _d1562-1635 _93084 |
|
| 245 | 1 | 3 |
_aEl castigo sin venganza / _cLope de Vega. |
| 260 |
_aMadrid : _bEspasa-Calpe, _c1970. |
||
| 300 |
_a221 p. ; _c18 cm. |
||
| 490 | 1 |
_aAustral. Gris: clásicos _v1434 |
|
| 500 | _aIncluye índice de autores. | ||
| 650 | 4 |
_aTeatro español _93071 |
|
| 650 | 4 |
_aLiteratura española _9632 |
|
| 740 | 3 | _aLa moza de cántaro | |
| 830 | 0 |
_aAustral. Gris: clásicos ; _v1434 _98199 |
|
| 910 | _aWM | ||
| 049 | _aBNGR | ||
| 999 |
_c19562 _d19562 |
||